[Event "FIN-chT 1314"]
[Site "Finland"]
[Date "2014.02.09"]
[Round "8.6"]
[White "Koykka, Pekka"]
[Black "Hentunen, Asko"]
[Result "1-0"]
[WhiteElo "2290"]
[BlackElo "2302"]
[PlyCount "87"]
[EventDate "2013.09.21"]
[EventType "team-tourn"]
[EventRounds "11"]
[EventCountry "FIN"]
[SourceTitle "EXT 2015"]
[Source "ChessBase"]
[SourceDate "2014.11.20"]
[SourceVersion "1"]
[SourceVersionDate "2014.11.20"]
[SourceQuality "1"]
[WhiteTeam "Tampere Tammer"]
[BlackTeam "Espoo MatSK"]
[WhiteTeamCountry "FIN"]
[BlackTeamCountry "FIN"]

1. e4 e5 2. Bc4 Nf6 3. d3 Nc6 4. Nf3 Be7 5. Nc3 0-0 6. Nd5 d6 7. Nxe7+ Qxe7 8. c3 Na5 9. Bb5 d5 10. Qa4 dxe4 11. dxe4 b6 12. Bg5 Bb7 13. 0-0 a6 14. Bd3 Qe6 15. b4 Nc4 16. Bxf6 gxf6 17. Qc2 Kh8 18. Qe2 Nd6 19. Nd2 Rg8 20. f3 Rg5 21. Kh1 Rag8 22. Rf2 Qc8 23. Nc4 Ne8 24. Ne3 Ng7 25. Bc4 Ne6 26. Qf1 b5 27. Bd5 c6 28. Bb3 Qf8 29. Nf5 Bc8 30. Rd1 Nf4 31. Nd6 Be6 32. g3 Nh5 33. Bxe6 fxe6 34. Qh3 f5 35. Qh4 Nf6 36. Qh3 Nd5 37. Nxf5 Nf6 38. Nd6 Ng4 39. fxg4 Qxf2 40. Rf1 Rf8 41. Rxf2 Rxf2 42. Kg1 Rf6 43. Qh4 h6 44. Nf7+ 1-0

[Event "FIN-chT 1314"]
[Site "Finland"]
[Date "2014.02.08"]
[Round "7.6"]
[White "Hentunen, Asko"]
[Black "Paakkonen, Timo"]
[Result "1-0"]
[WhiteElo "2302"]
[BlackElo "2285"]
[PlyCount "103"]
[EventDate "2013.09.21"]
[EventType "team-tourn"]
[EventRounds "11"]
[EventCountry "FIN"]
[SourceTitle "EXT 2015"]
[Source "ChessBase"]
[SourceDate "2014.11.20"]
[SourceVersion "1"]
[SourceVersionDate "2014.11.20"]
[SourceQuality "1"]
[WhiteTeam "Espoo MatSK"]
[BlackTeam "Porvoo Velhot"]
[WhiteTeamCountry "FIN"]
[BlackTeamCountry "FIN"]

1. c4 Nf6 2. g3 g6 3. Bg2 Bg7 4. Nc3 0-0 5. d3 d6 6. Rb1 a5 7. a3 Nc6 8. b4 axb4 9. axb4 e5 10. Nf3 h6 11. 0-0 Be6 12. b5 Ne7 13. Bb2 Qd7 14. Re1 Bh3 15. Bh1 Ng4 16. Nd2 Rab8 17. Qb3 Kh7 18. c5 f5 19. cxd6 cxd6 20. Nc4 f4 21. f3 Nf6 22. Ne4 Nf5 23. Nf2 fxg3 24. hxg3 Nxg3 25. Kh2 Nf1+ 26. Rxf1 Bxf1 27. Rxf1 Nh5 28. e3 Qe7 29. Nh3 d5 30. Nb6 e4 31. Bxg7 Kxg7 32. Nxd5 Qd6+ 33. f4 exd3 34. Qxd3 Ra8 35. Rf2 Ra3 36. Qd4+ Kh7 37. Rc2 Qe6 38. Nf2 Raa8 39. Bf3 Ng7 40. e4 Rf7 41. Ng4 Raf8 42. Rg2 Nh5 43. f5 gxf5 44. Ne5 Qd6 45. Rg6 Qd8 46. Nxf7 Rxf7 47. Bxh5 Qh4+ 48. Kg2 Qxh5 49. Nf6+ Kxg6 50. Nxh5 Kxh5 51. Qd5 Kg6 52. exf5+ 1-0

[Event "FIN-chT 1314"]
[Site "Finland"]
[Date "2013.09.22"]
[Round "2.6"]
[White "Hentunen, Asko"]
[Black "Kilpi, Teemu"]
[Result "1-0"]
[WhiteElo "2302"]
[BlackElo "2123"]
[PlyCount "45"]
[EventDate "2013.09.21"]
[EventType "team-tourn"]
[EventRounds "11"]
[EventCountry "FIN"]
[SourceTitle "CBM 156 Extra"]
[Source "ChessBase"]
[SourceDate "2013.10.22"]
[SourceVersion "1"]
[SourceVersionDate "2013.10.22"]
[SourceQuality "1"]
[WhiteTeam "Espoo MatSK"]
[BlackTeam "Oulu OSS"]
[WhiteTeamCountry "FIN"]
[BlackTeamCountry "FIN"]

1. c4 e6 2. g3 d5 3. Nf3 Nf6 4. Bg2 dxc4 5. Qa4+ c6 6. Qxc4 b5 7. Qb3 Bb7 8. 0-0 Nbd7 9. d3 a6 10. Nc3 c5 11. a4 b4 12. Nd1 Rc8 13. Ne3 Nd5 14. Nc4 N5b6 15. Bf4 Nxc4 16. dxc4 Nf6 17. a5 Ra8 18. Ne5 Bxg2 19. Rfd1 Bd6 20. Qa4+ Kf8 21. Kxg2 Ne8 22. Rxd6 Nxd6 23. Rd1 1-0

[Event "FIN-chT 1213"]
[Site "Finland"]
[Date "2013.03.10"]
[Round "14.6"]
[White "Hentunen, Asko"]
[Black "Kononen, Keijo"]
[Result "1/2-1/2"]
[WhiteElo "2322"]
[BlackElo "2236"]
[PlyCount "76"]
[EventDate "2012.09.28"]
[EventType "team-tourn"]
[EventRounds "11"]
[EventCountry "FIN"]
[SourceTitle "EXT 2014"]
[Source "ChessBase"]
[SourceDate "2013.11.20"]
[SourceVersion "1"]
[SourceVersionDate "2013.11.20"]
[SourceQuality "1"]
[WhiteTeam "Espoo MatSK"]
[BlackTeam "Oulu OSS"]
[WhiteTeamCountry "FIN"]
[BlackTeamCountry "FIN"]

1. c4 Nf6 2. g3 c6 3. Nf3 d5 4. b3 Bg4 5. Bg2 e6 6. Bb2 Nbd7 7. 0-0 Bd6 8. d3 0-0 9. Qc2 Re8 10. e4 dxe4 11. dxe4 e5 12. Rd1 Qc7 13. h3 Bxf3 14. Bxf3 Bc5 15. Bc3 a5 16. Qb2 Bb4 17. a3 Bxc3 18. Nxc3 Nc5 19. b4 Ne6 20. Bg2 Red8 21. c5 axb4 22. axb4 Nd4 23. Na4 Nb5 24. Nb6 Rab8 25. Bf1 Nd4 26. Bg2 Nd7 27. Nc4 b6 28. cxb6 Nxb6 29. Ne3 g6 30. Bf1 Qe7 31. Qc3 Nd7 32. Rab1 Nf6 33. Nc4 Nxe4 34. Qe3 f5 35. Bg2 Nc2 36. Qe2 Nd4 37. Qe3 Nc2 38. Qe2 Nd4 1/2-1/2

[Event "FIN-chT 1213"]
[Site "Finland"]
[Date "2012.11.18"]
[Round "7.5"]
[White "Hentunen, Asko"]
[Black "Salo, Heikki"]
[Result "0-1"]
[WhiteElo "2322"]
[BlackElo "2267"]
[PlyCount "106"]
[EventDate "2012.09.28"]
[EventType "team-tourn"]
[EventRounds "11"]
[EventCountry "FIN"]
[SourceTitle "CBM 151 Extra"]
[Source "ChessBase"]
[SourceDate "2012.12.18"]
[SourceVersion "1"]
[SourceVersionDate "2012.12.18"]
[SourceQuality "1"]
[WhiteTeam "Espoo MatSK"]
[BlackTeam "Vantaa"]
[WhiteTeamCountry "FIN"]
[BlackTeamCountry "FIN"]

1. c4 Nf6 2. g3 g6 3. Bg2 Bg7 4. Nc3 0-0 5. d3 d6 6. Rb1 a5 7. a3 Nc6 8. b4 axb4 9. axb4 e5 10. Nf3 h6 11. 0-0 Be6 12. b5 Ne7 13. Qb3 Qd7 14. Rd1 Bh3 15. Bh1 Ng4 16. Nd2 Rab8 17. c5 dxc5 18. b6 c6 19. Nde4 Kh7 20. Nxc5 Qf5 21. N5e4 Nf6 22. Ba3 Nxe4 23. Nxe4 Qd7 24. Nc5 Qd8 25. Qc4 Bc8 26. e4 Bg4 27. f3 Bc8 28. Bb2 f5 29. Bc3 Qe8 30. Qb3 Qf7 31. Qb2 Ra8 32. Bxe5 Ra2 33. Qc3 Bxe5 34. Qxe5 Re8 35. Qc3 Kg8 36. Ra1 g5 37. Qb3 Qxb3 38. Nxb3 Rb2 39. Rdb1 Rc2 40. Bg2 Rd8 41. Bf1 Be6 42. Nc1 c5 43. Ra3 Nc6 44. exf5 Nd4 45. Bg2 Bd5 46. Kf1 Re8 47. Rba1 Kf7 48. Ra8 Rxa8 49. Rxa8 Rxc1+ 50. Kf2 Rc2+ 51. Kf1 Rb2 52. Rd8 Bc6 53. Rd6 Nxf5 0-1